Szakmunkásképzés - önerőből
Elmentve itt :
| Szerző: | |
|---|---|
| Dokumentumtípus: | Cikk |
| Megjelent: |
1979-08-02
|
| Sorozat: | Délmagyarország
69 No. 179 |
| Kulcsszavak: | Vasöntöde, szakmunkásképzés, ipari tanulók |
| Online Access: | http://dmarchiv.bibl.u-szeged.hu/106999 |
| LEADER | 00484nab a2200157 i 4500 | ||
|---|---|---|---|
| 001 | delm106999 | ||
| 005 | 20190523103646.0 | ||
| 008 | 190523s1979 hu o 0|| hun d | ||
| 040 | |a SZTE Délmagyarország Archívum |b hun | ||
| 041 | |a hun | ||
| 100 | 1 | |a Petri Ferenc | |
| 245 | 1 | 0 | |a Szakmunkásképzés - önerőből |h [elektronikus dokumentum] / |c Petri Ferenc |
| 260 | |c 1979-08-02 | ||
| 300 | |a 3 | ||
| 490 | 0 | |a Délmagyarország |v 69 No. 179 | |
| 695 | |a Vasöntöde, szakmunkásképzés, ipari tanulók | ||